000 00307nam a2200145Ia 4500
100 _aKalakota/ Ravi
942 _cBK
654 _acomputer
245 _ae-Business Roadmap for Sucess
260 _bAddison Wesly
_c1999
082 _a4.692
_bKAL/ROB
300 _a378
546 _aENGLISH
999 _c19080
_d19080